000
00294nam a22001097a 4500
003
URS
005
20220114171916.0
008
180212b xxu||||| |||| 00| 0 eng d
245
_a
Fundamentals of Java: AP Computer Science Essentials 4ed
700
_4
author
_a
Lambert, Kenneth A.
942
_2
lcc
_c
FR
999
_c
15132
_d
15132